000 02101cam a22005534i 4500
003 PE-LiUPU
005 20250731165516.0
008 181120s2016 pe a grb 000 0 spa d
020 _a9789587725117
020 _a9587725115
035 _a(Sirsi) a250713
040 _aPE-LiUPU
_bspa
_cPE-LiUPU
_erda
049 _aPRUA
082 0 4 _a001.42
_bP86
_221
100 1 _aPríncipe Cotillo, Guillermo,
_eautor.
245 1 3 _aLa investigación científical :
_bteoría y metodología /
_cGuillermo Príncipe Cotillo.
247 1 0 _aTésis :
_belaboración y presentación
250 _aPrimera edición.
264 1 _aLima :
_bUniversidad César Vallejo,
_c2016.
300 _a324 páginas :
_bilustraciones ;
_c24 centímetros
336 _atext
_2rdacontent
337 _aunmediated
_2rdamedia
338 _avolume
_2rdacarrier
504 _aBibliografía : páginas 322-324.
505 0 _aEl conocimiento e investigación -- la ciencia y la investigación científica -- naturaleza particular del método científico -- técnica e instrumento para la recolección de información -- el planeamiento de la investigación -- la redacción de la investigación cientifica.
526 _aSEG44
526 _aSEG26
526 _aP151
526 _aP150
526 _aP149
526 _aP146
526 _aP145
526 _aP126
526 _aP125
526 _aP92
526 _aP75
526 _aP74
526 _aP27
526 _aP15
541 _g002-00000600;
650 1 8 _aInvestigación científica
_xMetodología
_xEstudio y enseñanza.
650 2 8 _aCiencia
_xMetodología
_xEstudio y enseñanza.
650 2 8 _aInvestigación
_xMetodología
_vManuales, etc.
910 _adbm
_bksl
_cksl
_d20181120
942 _2ddc
_cBOOK
994 _aC0
_bPEPRU
596 _a1
999 _a001.42 P86
_wDEWEY
_c30187
_i79541
_f2021-11-4
_g4
_lCCODEBUL1
_mBUL
_p28.44
_r0
_sY
_tBOOK
_u2018-11-20
_xBIBLIOTECA
_PP69
_0COMPRA
_1FCOMPR2
_o.STAFF. Colección Ciencias de la Salud
_d30187
980 _81
_gALBERTO SANCHEZ Responsable de Automatización